Κατάλογος Βιβλιοθηκών Mediterranean College

Abnormal Psychology / Third Edition (Record no. 2520)

MARC details
000 -LEADER
fixed length control field 01390cam a22002054a 4500
005 - ΗΜΕΡΟΜΗΝΙΑ ΚΑΙ ΩΡΑ ΤΕΛΕΥΤΑΙΑΣ ΕΝΗΜΕΡΩΣΗΣ
Πεδίο ελέγχου 20250605164044.0
008 - FIXED-LENGTH DATA ELEMENTS--GENERAL INFORMATION
Πεδίο ελέγχου σταθερού μήκους 250528s ||||||||||||||||||||||||d
035 ## - SYSTEM CONTROL NUMBER
System control number 17080
020 ## - ISBN
ISBN 716730898
040 ## - ΠΗΓΗ ΚΑΤΑΛΟΓΟΓΡΑΦΗΣΗΣ
Φορέας πρωτότυπης καταλογογράφησης MC Athens Campus Library
Γλώσσα καταλογογράφησης Ελληνικά, Μοντέρνα (1453-)
Modifying agency MC Athens Campus Library
Κανόνες περιγραφικής καταλογογράφησης AACR2
245 1# - ΤΙΤΛΟΣ ΚΑΙ ΔΗΛΩΣΗ ΥΠΕΥΘΥΝΟΤΗΤΑΣ
Τίτλος Abnormal Psychology / Third Edition
250 ## - EDITION STATEMENT
Edition statement 3rd
260 ## - PUBLICATION, DISTRIBUTION, ETC.
Name of publisher, distributor, etc. W. H. Freeman And Company,
Date of publication, distribution, etc. 1998
300 ## - PHYSICAL DESCRIPTION
Extent 830
520 ## - SUMMARY, ETC.
Summary, etc. Abnormal Psychology in Science and Clinical Practice, Abnormal Psychology: Past and Present, Research in Abnormal Psychology, The Psychological Models of Abnormality, The Biological and Sociocultural Models of Abnormality, Clinical Assessment and Diagnosis and Treatment, Problems of Anxiety and Mood, Generalized Anxiety Disorder and Phobias, Panic and Obsessive-Compulsive and Stress Disorders, Mood Disorders, Treatments for Mood Disorders, Suicide, Problems of Mind and Body, Psychosocial Factors in Physical Disorders, Eating Disorders, Substance-Related Disorders, Sexual Disorders and Gender Identity Disorder, Problems of Psychosis and Cognitive Function, Schizophrenia, Treatments for Schizophrenia, Disorders of Memory and Other Cognitive Functions, Life Span-Problems, Personality Disorders, Disorders of Childhood and Old Age, Conclusion, Law and Society and the Mental Health Profession.
700 1# - ΠΡΟΣΘΕΤΗ ΑΝΑΓΡΑΦΗ--ΦΥΣΙΚΟ ΠΡΟΣΩΠΟ
Personal name Comer Ronald J
9 (RLIN) 247
942 ## - ADDED ENTRY ELEMENTS (KOHA)
Koha item type Books
Holdings
Τύπος τεκμηρίου Βιβλιοθήκη Τρέχουσα τοποθεσία Barcode Αριθμός εισαγωγής Ημερομηνία απόκτησης Ταξιθετικό σύμβολο Αριθμός αντιτύπου Κατάσταση απόσυρσης Κατάσταση χαμένου Κατάσταση κατεστραμμένου Μη δανεισμός Σύνολο δανεισμών Ημερομηνία τελευταίας εμφάνισης Η τιμή ισχύει από
Books MC Athens Campus Library MC Athens Campus Library 9780000025197 7355 05/06/2025 616.89 COM 1           05/06/2025 05/06/2025

MC Athens Campus Library
Πατησίων 94 & Κοδριγκτώνος 13, 104 34
Πελλήνης 8 & Πατησίων 107, 112 51
Τ: +30 210 8899600

MC Thessaloniki Campus Library
Ίωνος Δραγούμη 21, 54625 | Ίωνος Δραγούμη 15, 54625
Τ: +30 2310 287779 – Τ: +30 2314 440300